| Поле | Инд. | ПП | Название | Значение |
|---|---|---|---|---|
| Тип записи | a | |||
| Библиографический уровень | m | |||
| 001 | Контрольный номер | UNIDUBNA2f3dc285b21a4dc1b5d3e5f933ef6f2a | ||
| 005 | Дата корректировки | 20230307103635.3 | ||
| 008 | Кодируемые данные | 20071211 | ||
| 040 | b | Код языка каталог. | rus | |
| e | Правила каталог. | PSBO | ||
| 041 | 0_ | a | Код языка текста | rus |
| 084 | a | Индекс другой классификации/Индекс ББК | 22.37я73; 24.521я73 | |
| 090 | a | Полочн. индекс | 22.37я73 | |
| x | Авторский знак | Ш 272 | ||
| 100 | 1_ | a | Автор | Шаскольская М. П. |
| q | Полное имя | Шаскольская Марианна Петровна | ||
| 245 | 10 | a | Заглавие | Кристаллография |
| 260 | a | Место издания | Москва | |
| b | Издательство | Высшая школа | ||
| c | Дата издания | 1976 | ||
| 300 | a | Объем | 391 с. | |
| 336 | a | Термин вида содержания | Текст | |
| 337 | a | Термин типа средства | непосредственный | |
| 650 | 04 | a | Основная рубрика | кристаллография |
| a | Основная рубрика | физика | ||
| 653 | 0_ | a | Ключевые слова | анизотропия |
| a | Ключевые слова | антисимметрия | ||
| a | Ключевые слова | Бравэ решетки | ||
| a | Ключевые слова | Вульфа-Брегга формула | ||
| a | Ключевые слова | группы симметрий | ||
| a | Ключевые слова | дефекты в кристаллах | ||
| a | Ключевые слова | дислокации | ||
| a | Ключевые слова | закон постоянства углов | ||
| a | Ключевые слова | кристаллические решетки | ||
| a | Ключевые слова | кристаллические структуры | ||
| a | Ключевые слова | кристаллографические проекции | ||
| a | Ключевые слова | кристаллофизика | ||
| a | Ключевые слова | кристаллохимия | ||
| a | Ключевые слова | кристаллы | ||
| a | Ключевые слова | метод кристаллографического индицирования | ||
| a | Ключевые слова | обратная решетка | ||
| a | Ключевые слова | пластические деформации | ||
| a | Ключевые слова | рост кристаллов | ||
| a | Ключевые слова | симметрия кристаллов | ||
| a | Ключевые слова | спайность | ||
| a | Ключевые слова | твердость | ||
| a | Ключевые слова | физические свойства | ||
| 655 | a | Жанр/ форма (устаревшее) | учебное пособие | |
| 900 | a | Имя электронного ресурса | obl_Shaskolskyaya_Krisstall | |
| x | Справочная информация | Обложка | ||
| 901 | t | Тип документа | m | |
| 952 | a | Тип литературы для КСУ ВШ | УИ |